000 00510nam a2200181Ia 4500
999 _c13930
_d13930
003 OSt
005 20201022103410.0
008 190216s9999||||xx |||||||||||||| ||und||
020 _a0006498523
040 _coclc
082 _a813.54
_bPAT/H
100 _aPatterson, James
_96010
245 0 _aHide And Seek /
_cJames Patterson
260 _bHarper Collins Publishers,
_c1996.
_aLondon:
300 _a356p
650 _aEnglish Story
942 _cBK
_2ddc
_h813.54
_iPAT/H
_k813.54
_mPAT/H